| 000 | 006250000a22002170004500 | ||
|---|---|---|---|
| 003 | LK-CoMWRAF | ||
| 005 | 20231207141201.0 | ||
| 008 | 230817t2004 ||||| |||| 00| 0 eng d | ||
| 020 | _a955815606X | ||
| 040 |
_aLK-CoMWRAF _dLK-CoMWRAF _eLK-CoMWRAF |
||
| 041 | _aeng | ||
| 082 |
_a398 _bDIS |
||
| 100 | _aDisanayake, J.B | ||
| 245 | _aAspects of Sinhala Folklore | ||
| 260 |
_aPannipitiya: _bStamford Lake, _c2004 |
||
| 300 |
_a126 p. _bBibliography included |
||
| 650 | _aFOLKLORE-Sri Lanka | ||
| 650 | _aFolk literature, Sinhalese--History and criticism. | ||
| 650 | _aSocial life and customs.-Sri Lanka | ||
| 942 | _cBK | ||
| 999 |
_c867 _d867 |
||